00488 2200169 4500001002100000008004100021035002000062245007500082100002200157260003300179300003200212084001700244082001100261650002200272990001200294990001200306INLIS000000000000356 ind  a0010-0824000005 aDisain Riset Dan Teknik Penyusun Karya Tulis IlmiahcTaliziduhu Ndraha aTaliziduhu Ndraha aJakarta :bBina Aksarac1987 axiii, 138 halaman :c21 cm. a808.02 TAL d a808.02 awriting technique a0000550 a0000551